Indian standard guide for preparation of abstracts (Record no. 498210)

000 -LEADER
fixed length control field 00350cam a22000977a 4500
008 - FIXED-LENGTH DATA ELEMENTS--GENERAL INFORMATION
fixed length control field 180718b1976 xxu||||| |||| 00| 0 eng d
245 ## - TITLE STATEMENT
Title Indian standard guide for preparation of abstracts
Statement of responsibility, etc. by Indian Standrads Institution, India
260 ## - PUBLICATION, DISTRIBUTION, ETC.
Place of publication, distribution, etc. New Delhi
Name of publisher, distributor, etc. Indian Standrads Institution
Date of publication, distribution, etc. 1976
300 ## - PHYSICAL DESCRIPTION
Extent 8p.
700 ## - ADDED ENTRY--PERSONAL NAME
Personal name India. Indian Standrads Institution
Holdings
Withdrawn status Lost status Damaged status Not for loan Permanent Location Current Location Date acquired Barcode Date last seen Price effective from Koha item type
        Indian Institute of Public Administration Indian Institute of Public Administration 2018-08-04 G17184 2018-08-04 2018-08-04 G

Powered by Koha